[Event "EU-Cup 29th"]
[Site "Rhodes"]
[Date "2013.10.24"]
[Round "5.6"]
[White "Naylor, John"]
[Black "Mindlin, Alon"]
[Result "0-1"]
[WhiteElo "2142"]
[BlackElo "2286"]
[PlyCount "66"]
[EventDate "2013.10.20"]
[EventType "team-swiss"]
[EventRounds "7"]
[EventCountry "GRE"]
[SourceTitle "CBM 157"]
[Source "ChessBase"]
[SourceDate "2013.11.12"]
[SourceVersion "1"]
[SourceVersionDate "2013.11.12"]
[SourceQuality "1"]
[WhiteTeam "Jutes of Kent"]
[BlackTeam "Kfar Saba"]
[WhiteTeamCountry "ENG"]
[BlackTeamCountry "ISR"]

1. e4 e5 2. Nf3 Nc6 3. Be2 Nf6 4. d3 d5 5. Nbd2 g6 6. c3 Bg7 7. Qc2 0-0 8. b4 a6 9. 0-0 Re8 10. a3 b6 11. Re1 Bb7 12. Bf1 Qd7 13. Bb2 Rad8 14. Rad1 h6 15. c4 dxe4 16. dxe4 Nd4 17. Nxd4 exd4 18. Bd3 c5 19. bxc5 bxc5 20. f3 Bc6 21. Rb1 Ba4 22. Qc1 Qc7 23. Nf1 h5 24. Qd2 Nd7 25. f4 Bh6 26. g3 Ne5 27. Qe2 Nxd3 28. Qxd3 Rb8 29. Ba1 Bc6 30. Nd2 Rxb1 31. Rxb1 Ba8 32. Bb2 f5 33. Re1 Qc6 0-1

[Event "BCF-chT1b 1213 (4NCL)"]
[Site "England"]
[Date "2012.11.03"]
[Round "1.177"]
[White "Hasman, Cengiz"]
[Black "Naylor, John"]
[Result "0-1"]
[WhiteElo "2151"]
[BlackElo "2153"]
[PlyCount "128"]
[EventDate "2012.11.03"]
[EventType "team-tourn"]
[EventRounds "7"]
[EventCountry "ENG"]
[SourceTitle "EXT 2013"]
[Source "ChessBase"]
[SourceDate "2012.11.22"]
[SourceVersion "1"]
[SourceVersionDate "2012.11.22"]
[SourceQuality "1"]
[WhiteTeam "Wood Green Hilsmark II"]
[BlackTeam "Jutes of Kent"]
[WhiteTeamCountry "ENG"]
[BlackTeamCountry "ENG"]

1. d4 Nf6 2. c4 c5 3. dxc5 e6 4. Nf3 Bxc5 5. Nc3 d5 6. e3 Nc6 7. a3 a5 8. b3 0-0 9. Bb2 Qe7 10. cxd5 exd5 11. Be2 Rd8 12. Nb5 Ne4 13. Nbd4 Bg4 14. Nxc6 bxc6 15. 0-0 Bd6 16. Nd4 Bd7 17. Bg4 c5 18. Bxd7 Qxd7 19. Nf3 Qf5 20. Qd3 a4 21. b4 cxb4 22. Qd4 Qf6 23. Qxf6 Nxf6 24. Bxf6 gxf6 25. axb4 Bxb4 26. Rfb1 Bf8 27. Kf1 Rdc8 28. Rb5 Rc5 29. Rxc5 Bxc5 30. Ke2 a3 31. Kd3 Rb8 32. Nd4 Rb2 33. Nc2 Rb3+ 34. Kd2 Kf8 35. Kc1 Ke7 36. Rb1 Rxb1+ 37. Kxb1 Ke6 38. Ka2 Ke5 39. f3 f5 40. g3 h5 41. Kb3 d4 42. exd4+ Bxd4 43. Kxa3 Bg1 44. h3 Bf2 45. g4 fxg4 46. fxg4 h4 47. Kb3 Kf4 48. Nb4 Kg3 49. Nd3 Bd4 50. Kc4 Bg7 51. g5 Kxh3 52. Nf2+ Kg3 53. Ne4+ Kg2 54. Nd6 h3 55. Nxf7 h2 56. Kd5 h1Q 57. Ke6 Qh3+ 58. Ke7 Qf5 59. Nd8 Qxg5+ 60. Kd7 Qd5+ 61. Ke8 Bf6 62. Nf7 Qe6+ 63. Kf8 Qe7+ 64. Kg8 Kh1 0-1

[Event "EU-Cup 28th"]
[Site "Eilat"]
[Date "2012.10.12"]
[Round "2.5"]
[White "Naylor, John"]
[Black "Hamiti, Gani"]
[Result "1-0"]
[WhiteElo "2144"]
[BlackElo "2144"]
[PlyCount "83"]
[EventDate "2012.10.11"]
[EventType "team-swiss"]
[EventRounds "7"]
[EventCountry "ISR"]
[SourceTitle "CBM 151"]
[Source "ChessBase"]
[SourceDate "2012.11.13"]
[SourceVersion "1"]
[SourceVersionDate "2012.11.13"]
[SourceQuality "1"]
[WhiteTeam "Jutes of Kent"]
[BlackTeam "Expik"]
[WhiteTeamCountry "ENG"]
[BlackTeamCountry "KOS"]

1. e4 e5 2. Nf3 Nc6 3. Bb5 f5 4. Nc3 fxe4 5. Nxe4 d5 6. Nxe5 dxe4 7. Nxc6 Qg5 8. Qe2 Nf6 9. f4 Qxf4 10. d4 Qh4+ 11. g3 Qh3 12. Ne5+ c6 13. Bc4 Be6 14. Bg5 Bd6 15. Rf1 0-0 16. 0-0-0 Kh8 17. Bxf6 gxf6 18. Bxe6 Qxe6 19. Qc4 Qe7 20. Ng4 f5 21. Ne5 c5 22. Nd7 Rf7 23. dxc5 Bc7 24. c6 b6 25. Qd4+ Kg8 26. Qd5 Qg5+ 27. Kb1 Re8 28. Rde1 Qg6 29. a4 Qe6 30. c4 f4 31. gxf4 Qxd5 32. cxd5 Rf5 33. Ne5 Kf8 34. Ka2 Re7 35. Kb3 Ke8 36. Kc4 Bxe5 37. fxe5 Rfxe5 38. b4 e3 39. d6 R7e6 40. c7 Kd7 41. Rf7+ Kc8 42. Rd1 1-0

[Event "BCF-chTc 1112 (4NCL)"]
[Site "England"]
[Date "2012.05.07"]
[Round "9.15"]
[White "Naylor, John"]
[Black "Gordon, Stephen J"]
[Result "0-1"]
[WhiteElo "2174"]
[BlackElo "2535"]
[PlyCount "48"]
[EventDate "2011.11.12"]
[EventType "team-swiss"]
[EventRounds "11"]
[EventCountry "ENG"]
[SourceTitle "EXT 2013"]
[Source "ChessBase"]
[SourceDate "2012.11.22"]
[SourceVersion "1"]
[SourceVersionDate "2012.11.22"]
[SourceQuality "1"]
[WhiteTeam "Jutes of Kent"]
[BlackTeam "Wood Green Hilsmark"]
[WhiteTeamCountry "ENG"]
[BlackTeamCountry "ENG"]

1. e4 c5 2. Nf3 d6 3. Bb5+ Nd7 4. d4 cxd4 5. Qxd4 a6 6. Bxd7+ Bxd7 7. Nc3 Rc8 8. 0-0 Bc6 9. Bg5 h6 10. Bh4 e5 11. Qe3 g5 12. Bg3 Nf6 13. h4 g4 14. Nd2 b5 15. f4 gxf3 16. Qxf3 Bg7 17. h5 Qd7 18. Bh4 Nh7 19. Ne2 f5 20. Qxf5 Qxf5 21. exf5 Bf6 22. Bg3 Rg8 23. Kh2 Bg5 24. Rad1 Nf6 0-1

[Event "BCF-chTc 1112 (4NCL)"]
[Site "England"]
[Date "2012.05.06"]
[Round "10.146"]
[White "Naylor, John"]
[Black "Chapman, Terry PD"]
[Result "0-1"]
[WhiteElo "2174"]
[BlackElo "2261"]
[PlyCount "62"]
[EventDate "2011.11.12"]
[EventType "team-swiss"]
[EventRounds "11"]
[EventCountry "ENG"]
[SourceTitle "EXT 2013"]
[Source "ChessBase"]
[SourceDate "2012.11.22"]
[SourceVersion "1"]
[SourceVersionDate "2012.11.22"]
[SourceQuality "1"]
[WhiteTeam "Jutes of Kent"]
[BlackTeam "Barbican II"]
[WhiteTeamCountry "ENG"]
[BlackTeamCountry "ENG"]

1. e4 d6 2. d4 Nf6 3. Nc3 c6 4. f4 Qa5 5. Bd3 e5 6. dxe5 dxe5 7. f5 b5 8. Nf3 Nbd7 9. 0-0 Be7 10. h3 Bb7 11. Kh2 h5 12. Qe1 Qc7 13. Bg5 a6 14. a4 Rd8 15. axb5 cxb5 16. Kh1 b4 17. Nd1 Nc5 18. Bxf6 gxf6 19. Nf2 Nxd3 20. cxd3 Bc5 21. Qe2 Qb6 22. Nd1 Qb5 23. Ne1 Ke7 24. Rf3 a5 25. Qc2 b3 26. Qc1 Bb4 27. Ne3 Rc8 28. Qd1 a4 29. Nc4 Bxe4 30. Re3 Bxf5 31. Nf3 Be6 0-1

[Event "BCF-chTb 1112 (4NCL)"]
[Site "England"]
[Date "2011.11.12"]
[Round "1.7"]
[White "Naylor, John"]
[Black "Adair, James R"]
[Result "0-1"]
[WhiteElo "2174"]
[BlackElo "2247"]
[PlyCount "90"]
[EventDate "2011.11.12"]
[EventType "team-tourn"]
[EventRounds "7"]
[EventCountry "ENG"]
[SourceTitle "EXT 2013"]
[Source "ChessBase"]
[SourceDate "2012.11.22"]
[SourceVersion "1"]
[SourceVersionDate "2012.11.22"]
[SourceQuality "1"]
[WhiteTeam "Jutes of Kent"]
[BlackTeam "White Rose"]
[WhiteTeamCountry "ENG"]
[BlackTeamCountry "ENG"]

1. e4 c5 2. Nf3 d6 3. Bb5+ Nd7 4. d4 cxd4 5. Qxd4 a6 6. Bxd7+ Bxd7 7. 0-0 Rc8 8. Nc3 e5 9. Qd3 h6 10. a4 Nf6 11. a5 Be7 12. Be3 0-0 13. Nd2 Be6 14. Nd5 Bxd5 15. exd5 Nd7 16. c4 f5 17. f3 Bg5 18. b4 Rc7 19. Rac1 Bxe3+ 20. Qxe3 Qh4 21. f4 e4 22. c5 Rfc8 23. Nb3 Nf6 24. Nd4 Ng4 25. Qg3 Qxg3 26. hxg3 Ne3 27. Ne6 Rd7 28. cxd6 Rxc1 29. Rxc1 Rxd6 30. Rc8+ Kf7 31. Rc7+ Kf6 32. Rxb7 Rxd5 33. Rb6 Kf7 34. Rxa6 Ng4 35. Kf1 e3 36. Nc5 Rd1+ 37. Ke2 Rd2+ 38. Ke1 Rxg2 39. Nd3 Rg1+ 40. Ke2 Rg2+ 41. Kf1 Rd2 42. Ne5+ Nxe5 43. fxe5 h5 44. Rb6 h4 45. Rb7+ Ke6 0-1

[Event "BCF-chT2 1011 (4NCL)"]
[Site "England"]
[Date "2010.11.06"]
[Round "1.45"]
[White "Shridhar, Mitesh"]
[Black "Naylor, John"]
[Result "1-0"]
[WhiteElo "2118"]
[BlackElo "2162"]
[PlyCount "85"]
[EventDate "2010.11.06"]
[EventType "team-swiss"]
[EventRounds "11"]
[EventCountry "ENG"]
[SourceTitle "EXT 2012"]
[Source "ChessBase"]
[SourceDate "2011.11.24"]
[SourceVersion "1"]
[SourceVersionDate "2011.11.24"]
[SourceQuality "1"]
[WhiteTeam "Cambridge II"]
[BlackTeam "Jutes of Kent"]
[WhiteTeamCountry "ENG"]
[BlackTeamCountry "ENG"]

1. e4 e5 2. Nf3 Nc6 3. Bc4 Nf6 4. d3 Be7 5. 0-0 0-0 6. a4 d6 7. c3 d5 8. exd5 Nxd5 9. Re1 Bg4 10. a5 Rb8 11. h3 Bh5 12. g4 Bg6 13. Nxe5 Nxe5 14. Rxe5 c6 15. Bxd5 cxd5 16. Qf3 Bd6 17. Rxd5 Qe7 18. Be3 Qe6 19. Nd2 Rbd8 20. Rd4 f5 21. g5 f4 22. Bxf4 Rxf4 23. Rxf4 Bxf4 24. Qxf4 Bxd3 25. Qe3 Qg6 26. Re1 Bf5 27. Nb3 h6 28. Nd4 Bd7 29. Qg3 hxg5 30. Kh2 g4 31. h4 Qf6 32. Kg1 Kf7 33. Re4 Kg8 34. Re1 Bc8 35. Kh2 b6 36. axb6 axb6 37. Re3 Rf8 38. Kg1 Bb7 39. Re6 Ra8 40. Re1 Qe7 41. Qb8+ Rxb8 42. Rxe7 Kf8 43. Rd7 1-0

[Event "BCF-chT1d 0910 (4NCL) Demotion pool"]
[Site "England"]
[Date "2010.05.02"]
[Round "10.6"]
[White "Naylor, John"]
[Black "O'Neill, Paul A"]
[Result "0-1"]
[WhiteElo "2189"]
[BlackElo "2163"]
[PlyCount "58"]
[EventDate "2009.10.24"]
[EventType "team-tourn"]
[EventRounds "4"]
[EventCountry "ENG"]
[SourceTitle "EXT 2011"]
[Source "ChessBase"]
[SourceDate "2010.11.26"]
[SourceVersion "1"]
[SourceVersionDate "2010.11.26"]
[SourceQuality "1"]
[WhiteTeam "Jutes of Kent"]
[BlackTeam "South Wales Dragons"]
[WhiteTeamCountry "ENG"]
[BlackTeamCountry "ENG"]

1. e4 c5 2. Nf3 d6 3. Bb5+ Bd7 4. Bxd7+ Qxd7 5. 0-0 Nf6 6. Qe2 Nc6 7. c3 e6 8. d4 cxd4 9. cxd4 d5 10. e5 Ne4 11. Nc3 Nxc3 12. bxc3 Be7 13. Ng5 Rc8 14. f4 g6 15. g4 h6 16. Nh3 Kd8 17. f5 g5 18. Bd2 Kc7 19. f6 Ba3 20. Qb5 Kb8 21. Qb3 Bf8 22. a4 Na5 23. Qb5 Qxb5 24. axb5 Nb3 25. Ra2 Nxd2 26. Rxd2 Rxc3 27. Nf2 Bb4 28. Nd3 Ba5 29. Nc5 Rxc5 0-1

[Event "BCF-chT1d 0910 (4NCL) Demotion pool"]
[Site "England"]
[Date "2010.05.01"]
[Round "9.6"]
[White "McCarthy, Kevin"]
[Black "Naylor, John"]
[Result "0-1"]
[WhiteElo "2106"]
[BlackElo "2189"]
[PlyCount "124"]
[EventDate "2009.10.24"]
[EventType "team-tourn"]
[EventRounds "4"]
[EventCountry "ENG"]
[SourceTitle "EXT 2011"]
[Source "ChessBase"]
[SourceDate "2010.11.26"]
[SourceVersion "1"]
[SourceVersionDate "2010.11.26"]
[SourceQuality "1"]
[WhiteTeam "Pandoras Box"]
[BlackTeam "Jutes of Kent"]
[WhiteTeamCountry "ENG"]
[BlackTeamCountry "ENG"]

1. c4 Nf6 2. g3 g6 3. Bg2 Bg7 4. Nc3 0-0 5. Nf3 d6 6. 0-0 e5 7. d3 Nc6 8. Rb1 a5 9. a3 Re8 10. b3 h6 11. Nd2 Be6 12. Bb2 d5 13. cxd5 Nxd5 14. Nxd5 Bxd5 15. e4 Be6 16. Nf3 Qd7 17. Qc2 Rad8 18. Rfd1 f5 19. Nh4 Qf7 20. Bc3 f4 21. h3 Bf6 22. Nf3 g5 23. g4 h5 24. Nh2 hxg4 25. hxg4 Qd7 26. Bf3 b6 27. Bb2 Ne7 28. Bc3 Ng6 29. Qe2 Nh4 30. Bg2 c5 31. f3 Qh7 32. Kf2 Qa7 33. Kf1 Rd7 34. Be1 Nxg2 35. Kxg2 Red8 36. Bf2 Qa6 37. b4 cxb4 38. axb4 a4 39. b5 Qa7 40. Nf1 a3 41. Ra1 a2 42. Qc2 Rd6 43. Qe2 Bg7 44. d4 exd4 45. e5 R6d7 46. Qe4 Qa8 47. Qg6 Bb3 48. Re1 Bd5 49. Nd2 Qa5 50. Red1 Qxb5 51. Qxg5 Qe2 52. e6 Qxe6 53. Re1 Qf6 54. Qh5 Bf7 55. Qh1 Qg6 56. Ne4 Bd5 57. Qf1 Re7 58. Bh4 Rxe4 59. Rxe4 Bxe4 60. Bxd8 Qxg4+ 61. Kf2 Qxf3+ 62. Ke1 Qc3+ 0-1

[Event "BCF-chT2c 0809 (4NCL) Promotion pool"]
[Site "Hinckley Island"]
[Date "2009.03.22"]
[Round "8.5"]
[White "Naylor, John"]
[Black "Shepley, Julien M"]
[Result "1/2-1/2"]
[WhiteElo "2183"]
[BlackElo "2076"]
[PlyCount "83"]
[EventDate "2008.10.04"]
[EventType "team-tourn"]
[EventRounds "4"]
[EventCountry "ENG"]
[SourceTitle "EXT 2010"]
[Source "ChessBase"]
[SourceDate "2010.11.25"]
[SourceVersion "1"]
[SourceVersionDate "2010.11.25"]
[SourceQuality "1"]
[WhiteTeam "Jutes of Kent"]
[BlackTeam "Guildford III"]
[WhiteTeamCountry "ENG"]
[BlackTeamCountry "ENG"]

1. e4 d6 2. d4 Nf6 3. Nc3 Nbd7 4. Nf3 e5 5. Bc4 h6 6. 0-0 c6 7. a4 Qc7 8. Re1 Be7 9. h3 g5 10. dxe5 dxe5 11. Nh2 Nf8 12. Be3 Ng6 13. Qe2 Nf4 14. Bxf4 gxf4 15. Kh1 Rg8 16. Red1 Rg7 17. Rd2 Bd7 18. Qd1 a5 19. Nf3 Rd8 20. Ne1 Qc8 21. Qf3 Be6 22. Rxd8+ Bxd8 23. Bxe6 Qxe6 24. Rd1 Bb6 25. Qd3 Rg8 26. Qd6 Qxd6 27. Rxd6 Ke7 28. Rd2 Bd4 29. Re2 Bxc3 30. bxc3 Rd8 31. Nd3 Nd7 32. Re1 Ke6 33. Rb1 b6 34. f3 f5 35. exf5+ Kxf5 36. Kg1 Rg8 37. Kf2 Rg6 38. Kf1 Rd6 39. Ke2 Rg6 40. Kf1 Rd6 41. Ke2 Rg6 42. Kf1 1/2-1/2

[Event "BCF-chT2a 0809 (4NCL)"]
[Site "Hinckley Island"]
[Date "2009.01.17"]
[Round "5.4"]
[White "Clark, Ian C"]
[Black "Naylor, John"]
[Result "1/2-1/2"]
[WhiteElo "2098"]
[BlackElo "2183"]
[PlyCount "43"]
[EventDate "2008.10.04"]
[EventType "team-tourn"]
[EventRounds "7"]
[EventCountry "ENG"]
[SourceTitle "EXT 2010"]
[Source "ChessBase"]
[SourceDate "2010.11.25"]
[SourceVersion "1"]
[SourceVersionDate "2010.11.25"]
[SourceQuality "1"]
[WhiteTeam "Wessex II"]
[BlackTeam "Jutes of Kent"]
[WhiteTeamCountry "ENG"]
[BlackTeamCountry "ENG"]

1. e4 e5 2. f4 exf4 3. Bc4 Nf6 4. Qf3 d5 5. exd5 Bd6 6. h3 Nbd7 7. d4 Nb6 8. Bb5+ Bd7 9. Qe2+ Qe7 10. Bxd7+ Kxd7 11. Qxe7+ Kxe7 12. b3 c5 13. dxc6 bxc6 14. Ne2 c5 15. Bxf4 Bxf4 16. Nxf4 cxd4 17. c4 dxc3 18. Nxc3 Rac8 19. Rc1 Rhd8 20. 0-0 Kf8 21. a4 a5 22. Nfe2 1/2-1/2

[Event "BCF-chT2a 0809 (4NCL)"]
[Site "Hinckley Island"]
[Date "2008.12.06"]
[Round "3.3"]
[White "Naylor, John"]
[Black "Hall, Daniel"]
[Result "1/2-1/2"]
[WhiteElo "2191"]
[BlackElo "2133"]
[PlyCount "63"]
[EventDate "2008.10.04"]
[EventType "team-tourn"]
[EventRounds "7"]
[EventCountry "ENG"]
[SourceTitle "EXT 2010"]
[Source "ChessBase"]
[SourceDate "2010.11.25"]
[SourceVersion "1"]
[SourceVersionDate "2010.11.25"]
[SourceQuality "1"]
[WhiteTeam "Jutes of Kent"]
[BlackTeam "Brown Jack"]
[WhiteTeamCountry "ENG"]
[BlackTeamCountry "ENG"]

1. e4 c5 2. Nf3 e6 3. d4 cxd4 4. Nxd4 Nf6 5. Nc3 d6 6. Be2 Be7 7. 0-0 Nc6 8. Be3 0-0 9. f4 a6 10. Qe1 Bd7 11. Qg3 Qc7 12. Rae1 g6 13. Kh1 b5 14. a3 Rad8 15. f5 Nxd4 16. Bxd4 e5 17. Be3 Bc6 18. Bg5 d5 19. Qh4 d4 20. Nd1 Rd6 21. Bd3 Qd8 22. Rf3 h5 23. Ref1 Kg7 24. Rg3 Rh8 25. Rgf3 Rf8 26. fxg6 fxg6 27. Qg3 Re6 28. Nf2 Nh7 29. Rxf8 Nxf8 30. Nh3 Nh7 31. Qf3 Qe8 32. Qg3 1/2-1/2

[Event "BCF-chT3 0708 (4NCL)"]
[Site "Sunningdale"]
[Date "2007.09.16"]
[Round "2"]
[White "Naylor, John"]
[Black "Le Moir, David A"]
[Result "1/2-1/2"]
[WhiteElo "2204"]
[BlackElo "2215"]
[PlyCount "54"]
[EventDate "2007.09.15"]
[EventType "team-tourn"]
[EventRounds "11"]
[EventCountry "ENG"]
[SourceTitle "CBM 120 Extra"]
[Source "ChessBase"]
[SourceDate "2007.11.01"]
[SourceVersion "1"]
[SourceVersionDate "2007.11.01"]
[SourceQuality "1"]
[WhiteTeam "Jutes of Kent"]
[BlackTeam "Anglian Avengers"]
[WhiteTeamCountry "ENG"]
[BlackTeamCountry "ENG"]

1. e4 d6 2. d4 Nf6 3. Nc3 e5 4. Nf3 Nbd7 5. Bc4 Be7 6. 0-0 c6 7. a4 0-0 8. Re1 b6 9. d5 cxd5 10. Nxd5 Bb7 11. Nxe7+ Qxe7 12. Bg5 h6 13. Bxf6 Nxf6 14. Qd3 Rac8 15. Nh4 Rfd8 16. Nf5 Qf8 17. Bb3 g6 18. Nh4 Kh7 19. a5 b5 20. a6 Bc6 21. Rad1 Qe7 22. Nf3 Qc7 23. Nd2 d5 24. exd5 Nxd5 25. Bxd5 Rxd5 26. Qe2 Rcd8 27. Nf1 Rxd1 1/2-1/2

[Event "Pardubice Czech op2"]
[Site "Pardubice"]
[Date "2007.07.13"]
[Round "2"]
[White "Naylor, John"]
[Black "Krapivin, Vladislav"]
[Result "0-1"]
[WhiteElo "2204"]
[BlackElo "2394"]
[PlyCount "66"]
[EventDate "2007.07.12"]
[EventType "swiss"]
[EventRounds "7"]
[EventCountry "CZE"]
[SourceTitle "EXT 2008"]
[Source "ChessBase"]
[SourceDate "2007.11.25"]
[SourceVersion "1"]
[SourceVersionDate "2007.11.25"]
[SourceQuality "1"]

1. e4 d6 2. d4 Nf6 3. Nc3 e5 4. Nf3 Nbd7 5. Bc4 Be7 6. 0-0 0-0 7. h3 c6 8. a4 b6 9. d5 Bb7 10. Re1 Rc8 11. dxc6 Bxc6 12. Bg5 h6 13. Bxf6 Nxf6 14. Qd3 Rc7 15. Rad1 Qc8 16. Bb3 Qb7 17. Nh4 Nxe4 18. Nxe4 Bxh4 19. Nxd6 Qa8 20. Qg6 Bf6 21. Nf5 Kh8 22. Qh5 Kh7 23. Rd6 Bg5 24. Qg4 g6 25. h4 Bf4 26. Bxf7 Rfxf7 27. Qxg6+ Kh8 28. Red1 Qg8 29. Rd8 Rf8 30. Rxf8 Qxf8 31. g3 Be4 32. Ne7 Bxc2 33. Qe6 Rxe7 0-1

[Event "BCF-chT4 0607 (4NCL)"]
[Site "Sunningdale"]
[Date "2007.05.28"]
[Round "11.12"]
[White "Atako, Chino"]
[Black "Naylor, John"]
[Result "1/2-1/2"]
[WhiteElo "2174"]
[BlackElo "2232"]
[PlyCount "80"]
[EventDate "2006.09.16"]
[EventType "team"]
[EventRounds "11"]
[EventCountry "ENG"]
[SourceTitle "EXT 2008"]
[Source "ChessBase"]
[SourceDate "2007.11.25"]
[SourceVersion "1"]
[SourceVersionDate "2007.11.25"]
[SourceQuality "1"]
[WhiteTeam "Conquistadors"]
[BlackTeam "Jutes of Kent"]
[WhiteTeamCountry "ENG"]
[BlackTeamCountry "ENG"]

1. e4 e5 2. Nf3 Nc6 3. d4 exd4 4. Bc4 Nf6 5. e5 d5 6. Bb5 Ne4 7. Nxd4 Bd7 8. Bxc6 bxc6 9. 0-0 Bc5 10. f3 Ng5 11. f4 Ne4 12. Be3 0-0 13. Nd2 Nxd2 14. Qxd2 Qe7 15. Nb3 Bb6 16. Qc3 f6 17. Kh1 fxe5 18. fxe5 Rxf1+ 19. Rxf1 Rf8 20. Rxf8+ Qxf8 21. Kg1 Qe8 22. a4 Qh5 23. Nc5 Qd1+ 24. Kf2 Bf5 25. a5 Bxc5 26. Qxc5 a6 27. Qxc6 Qxc2+ 28. Qxc2 Bxc2 29. b4 Bd3 30. Bb6 c6 31. Ke3 Bf1 32. g3 Kf7 33. Kd4 Ke6 34. Bc7 Be2 35. Kc5 Kd7 36. Bd6 Bf1 37. Bf8 g6 38. Kd4 Ke6 39. Bd6 Kd7 40. Ke3 Ke6 1/2-1/2

[Event "Coulsdon Easter-A"]
[Site "Coulsdon"]
[Date "2007.04.03"]
[Round "7"]
[White "Naylor, John"]
[Black "Hetey, Laszlo"]
[Result "0-1"]
[WhiteElo "2219"]
[BlackElo "2337"]
[PlyCount "94"]
[EventDate "2007.03.31"]
[EventType "tourn"]
[EventRounds "9"]
[EventCountry "ENG"]
[EventCategory "4"]
[SourceTitle "CBM 117 Extra"]
[Source "ChessBase"]
[SourceDate "2007.05.09"]
[SourceVersion "1"]
[SourceVersionDate "2007.05.09"]
[SourceQuality "1"]

1. e4 c5 2. Nf3 Nc6 3. Bb5 Na5 4. c3 a6 5. Ba4 e6 6. 0-0 Nf6 7. Re1 b5 8. Bc2 d5 9. e5 Nd7 10. d4 cxd4 11. cxd4 Be7 12. Nbd2 Bb7 13. Nf1 Rc8 14. Ng3 h5 15. h3 Nc6 16. a3 Nb6 17. b3 Nd7 18. Bb2 Qb6 19. Nh2 g6 20. Ne2 Nf8 21. Qd2 Nh7 22. Nf3 Kd7 23. Nf4 Rcg8 24. Qe3 Nf8 25. Nd3 g5 26. Nc5+ Kc8 27. b4 g4 28. Nh2 gxh3 29. Qxh3 Qd8 30. Bc3 Ng6 31. Nd3 Nh4 32. Nf4 Bg5 33. Nf3 Bxf4 34. Qxh4 Qxh4 35. Nxh4 Rg4 36. g3 Bxg3 37. Ng2 Rhg8 38. Ne3 Bxe5+ 39. Nxg4 Rxg4+ 40. Kf1 Bxd4 41. Bxd4 Nxd4 42. Bd3 h4 43. Re3 Kd7 44. Rh3 Kd6 45. f3 Rf4 46. Kf2 e5 47. Be2 Bc8 0-1

[Event "Coulsdon Easter-A"]
[Site "Coulsdon"]
[Date "2007.04.03"]
[Round "6"]
[White "Rendle, Thomas E"]
[Black "Naylor, John"]
[Result "1-0"]
[WhiteElo "2366"]
[BlackElo "2219"]
[PlyCount "47"]
[EventDate "2007.03.31"]
[EventType "tourn"]
[EventRounds "9"]
[EventCountry "ENG"]
[EventCategory "4"]
[SourceTitle "CBM 117 Extra"]
[Source "ChessBase"]
[SourceDate "2007.05.09"]
[SourceVersion "1"]
[SourceVersionDate "2007.05.09"]
[SourceQuality "1"]

1. e4 e5 2. Nf3 Nc6 3. Bb5 f5 4. Nc3 fxe4 5. Nxe4 Nf6 6. Nxf6+ Qxf6 7. Qe2 Be7 8. Bxc6 dxc6 9. Nxe5 Bf5 10. d3 0-0 11. 0-0 Rae8 12. f4 Bd6 13. d4 Bxe5 14. dxe5 Qg6 15. Rf2 h5 16. Be3 Rd8 17. Rd1 h4 18. Rd2 Be4 19. Bc5 Rfe8 20. Rxd8 Rxd8 21. Be7 Rd5 22. Bxh4 Rc5 23. Qe3 Rd5 24. h3 1-0

[Event "Coulsdon Easter-A"]
[Site "Coulsdon"]
[Date "2007.04.02"]
[Round "5"]
[White "Naylor, John"]
[Black "Stark, Lars"]
[Result "0-1"]
[WhiteElo "2219"]
[BlackElo "2424"]
[PlyCount "50"]
[EventDate "2007.03.31"]
[EventType "tourn"]
[EventRounds "9"]
[EventCountry "ENG"]
[EventCategory "4"]
[SourceTitle "CBM 117 Extra"]
[Source "ChessBase"]
[SourceDate "2007.05.09"]
[SourceVersion "1"]
[SourceVersionDate "2007.05.09"]
[SourceQuality "1"]

1. e4 e6 2. d4 d5 3. Nd2 a6 4. Ngf3 c5 5. exd5 exd5 6. Be2 c4 7. 0-0 Bd6 8. Re1 Ne7 9. c3 Nbc6 10. Bf1 f6 11. g3 0-0 12. a4 Bg4 13. h3 Bh5 14. Bg2 Re8 15. Nf1 Na5 16. Be3 Nb3 17. Ra2 Qc7 18. g4 Bf7 19. N1d2 Nxd2 20. Bxd2 Ng6 21. Rxe8+ Rxe8 22. b3 Bf4 23. Rb2 Re7 24. Bf1 Qc6 25. Nh4 Nxh4 0-1

[Event "BCF-chT4 0607 (4NCL)"]
[Site "Sunningdale"]
[Date "2007.03.25"]
[Round "8.13"]
[White "Waterfield, John"]
[Black "Naylor, John"]
[Result "0-1"]
[WhiteElo "2039"]
[BlackElo "2219"]
[PlyCount "50"]
[EventDate "2006.09.16"]
[EventType "team"]
[EventRounds "11"]
[EventCountry "ENG"]
[SourceTitle "EXT 2008"]
[Source "ChessBase"]
[SourceDate "2007.11.25"]
[SourceVersion "1"]
[SourceVersionDate "2007.11.25"]
[SourceQuality "1"]
[WhiteTeam "Monmouth"]
[BlackTeam "Jutes of Kent"]
[WhiteTeamCountry "ENG"]
[BlackTeamCountry "ENG"]

1. e4 e5 2. f4 exf4 3. Nc3 Qh4+ 4. Ke2 d5 5. Nxd5 Bg4+ 6. Nf3 Bd6 7. d4 Nf6 8. Nxf6+ gxf6 9. Qd3 Nc6 10. Bd2 0-0-0 11. c3 Rhe8 12. Be1 Qh5 13. Kd2 f5 14. exf5 Re3 15. Qc4 Bxf3 16. gxf3 Be5 17. Rd1 Qxf3 18. Rg1 Bxd4 19. cxd4 Rxd4+ 20. Qxd4 Nxd4 21. Kc1 Qc6+ 22. Bc3 Rxc3+ 23. bxc3 Qxc3+ 24. Kb1 Qc2+ 25. Ka1 Qxd1+ 0-1

[Event "BCF-chT 0102 (4NCL)"]
[Site "Birmingham"]
[Date "2001.11.25"]
[Round "4.6"]
[White "Naylor, John"]
[Black "Cherniaev, Alexander"]
[Result "0-1"]
[WhiteElo "2229"]
[BlackElo "2457"]
[PlyCount "80"]
[EventDate "2001.09.22"]
[EventType "team"]
[EventRounds "11"]
[EventCountry "ENG"]
[SourceTitle "CBM 084 Extra"]
[Source "ChessBase"]
[SourceDate "2001.10.26"]
[SourceVersion "1"]
[SourceVersionDate "2001.10.26"]
[SourceQuality "1"]
[WhiteTeam "Midland Monarchs"]
[BlackTeam "Beeson Gregory"]
[WhiteTeamCountry "ENG"]
[BlackTeamCountry "ENG"]

1. e4 c5 2. Nf3 Nc6 3. Bb5 g6 4. 0-0 Bg7 5. c3 Nf6 6. d4 cxd4 7. cxd4 Nxe4 8. d5 Nd6 9. Bd3 Nb4 10. Nc3 Nxd3 11. Qxd3 0-0 12. Re1 b6 13. Bg5 Re8 14. h4 a5 15. Rad1 Ba6 16. Qb1 Rc8 17. h5 Bf6 18. Bxf6 exf6 19. Rxe8+ Qxe8 20. Re1 Qf8 21. Qc1 Re8 22. Rxe8 Qxe8 23. Qf4 Qe7 24. h6 b5 25. a3 f5 26. Qd4 f6 27. Qb6 b4 28. axb4 axb4 29. Qxb4 Kf7 30. Qc5 g5 31. Qb6 Bc4 32. b3 g4 33. bxc4 gxf3 34. Qd4 Qe1+ 35. Kh2 Qf1 36. gxf3 Nxc4 37. d6 Ne5 38. Qd5+ Kg6 39. Qg8+ Kxh6 40. Qg3 Qd3 0-1